Prophecy in the new millennium : (Record no. 8895)

MARC details
000 -LEADER
fixed length control field 00788pam a22002654a 4500
001 - CONTROL NUMBER
control field 45879610
003 - CONTROL NUMBER IDENTIFIER
control field OCoLC
005 - DATE AND TIME OF LATEST TRANSACTION
control field 20241126110700.0
008 - FIXED-LENGTH DATA ELEMENTS--GENERAL INFORMATION
fixed length control field 010122s2001 miu 001 0 eng
010 ## -
-- 2001029019
020 ## - INTERNATIONAL STANDARD BOOK NUMBER
International Standard Book Number 0825439671
040 ## - CATALOGING SOURCE
Original cataloging agency DLC
Transcribing agency DLC
Modifying agency ATH
042 ## -
-- pcc
050 00 -
-- BS649.E63
-- W355 2001
050 00 -
-- BS649.E63
-- W355 2001
082 ## - DEWEY DECIMAL CLASSIFICATION NUMBER
Classification number 236
Item number WAL
100 1# - MAIN ENTRY--PERSONAL NAME
Personal name Walvoord, John F.
9 (RLIN) 125
245 10 - TITLE STATEMENT
Title Prophecy in the new millennium :
Remainder of title a fresh look at future events /
Statement of responsibility, etc. John F. Walvoord.
260 ## - PUBLICATION, DISTRIBUTION, ETC.
Place of publication, distribution, etc. Grand Rapids, MI :
Name of publisher, distributor, etc. Kregel Publications,
Date of publication, distribution, etc. c2001.
300 ## - PHYSICAL DESCRIPTION
Extent 176 p. ;
Dimensions 22 cm.
500 ## - GENERAL NOTE
General note Includes indexes.
630 00 - SUBJECT ADDED ENTRY--UNIFORM TITLE
Uniform title Bible
General subdivision Prophecies
-- End of the world.
9 (RLIN) 2005
650 #0 - SUBJECT ADDED ENTRY--TOPICAL TERM
Topical term or geographic name entry element End of the world
General subdivision Prophecies.
9 (RLIN) 15613
942 ## - ADDED ENTRY ELEMENTS (KOHA)
Source of classification or shelving scheme Dewey Decimal Classification
Koha item type Books
Koha issues (borrowed), all copies 5
Holdings
Withdrawn status Lost status Source of classification or shelving scheme Damaged status Not for loan Home library Current Library Shelving location Date acquired Total checkouts Full call number Barcode Date last seen Date last checked out Copy number Price effective from Koha item type
    Dewey Decimal Classification     GRACE BIBLE COLLEGE GRACE BIBLE COLLEGE Theology 2022-01-18 6 236 WAL 015397 2026-01-19 2026-01-15 c.1 2022-01-18 Books
© Grace Bible College Library 2025